01165cam a22002771 450000100060000000300080000600500170001400800410003103500190007203500190009104000280011004100080013808200240014610000310017024501970020126000360039830000250043450000310045950200960049050400320058665000430061865100550066194200120071699900170072895201420074535889BD-RjUL20211209052410.0140611s1941 ii b 001 0 eng  a(BD-RjUL)35985 a(BD-RjUL)35985 aDLCcMnUdMnUdDLCbeng aeng a342.5409bPRO 19411 aPrasad, Bisheshwar.97413114aThe origins of provincial autonomy ;bbeing a history of the relations between the central government and the provincial governments in British India from 1860 to 1919 /cBy Bisheshwar Prasad. aAllahabad :bKitabistan ;c1941 aii, 428 p. ;c23 cm. a"First published in 1941." a"Thesis approved for the degree of doctor of letters in the University of Allahabad, 1936." aBibliography: p. [377]-392. 0aConstitutional historyzIndia.9109287 0aIndiaxPolitics and governmenty1765-1947.9109288 2ddccBK c35889d35889 00102ddc40718NFICaRUCLbRUCLcReadingd1965-02-10eLAW HOUSEg25.00l0o342.5409 PRO 1941r2014-06-11 00:00:00tC-1w2014-06-11yBK